| 000 | 00719nam a22002297a 4500 | ||
|---|---|---|---|
| 999 |
_c15448 _d15448 |
||
| 003 | AR-CdUCM | ||
| 008 | 190427b ||||| |||| 00| 0 spa d | ||
| 040 |
_aMUNICIPALIDAD PROVINCIAL DEL CUSCO _cBIBLIOTECA MUNICIPAL DEL CUSCO |
||
| 082 |
_aEP / 895 / _bY57 |
||
| 100 |
_aYi, Wen _934522 |
||
| 245 | _aAgua de Wu Jing / | ||
| 260 |
_aBeijing : _bEdiciones en lenguas extranjeras, _c1981. |
||
| 300 |
_a12 paginas ; _bIlustraciones, graficos, dibujos _c18 cm. |
||
| 500 | _aHistorias chinas para niƱos | ||
| 650 |
_aHistorias _92725 |
||
| 650 |
_aCuentos _9312 |
||
| 650 |
_aLiteratura _983 |
||
| 700 |
_aWei, Huang _934523 |
||
| 700 |
_aGuangxi, Chang _934524 |
||
| 942 |
_2ddc _cLIBROS |
||
| 945 |
_apjha _d2019-04-27 |
||